[Event "Tournament \"]
[Site "Internet"]
[Date "2005.06.18"]
[Round "1"]
[White "Gajsin Evgenij (RUS)"]
[Black "Ovetchkin Roman (RUS)"]
[Result "1/2-1/2"]
[WhiteElo "2448"]
[BlackElo "2528"]

1.e4 c6 2.d4 d5 3.Nd2 dxe4 4.Nxe4 Bf5 5.Ng3 Bg6 6.h4 h6 7.f4 e6 8.Nf3 Bd6 9.h5
Bh7 10.Bd3 Bxd3 11.Qxd3 Nf6 12.Bd2 Qc7 13.Ne5 Nbd7 14.O-O-O c5 15.Bc3 c4
16.Qf3 Nd5 17.Ne4 b5 18.Bd2 f5 19.Nxd6+ Qxd6 20.g4 O-O 21.g5 hxg5 22.fxg5 Nxe5
23.dxe5 Qa6 24.Kb1 b4 25.g6 c3 26.Be1 b3 27.axb3 Nb4 28.Bxc3 Qa2+ 29.Kc1 Rad8
30.Rd6 Nd5 31.Rd1 Rxd6 32.exd6 Qa1+ 33.Kd2 Qa6 34.Ke1 Qxd6 35.Kf1 Ne3+ 36.Qxe3
Qxd1+ 37.Kf2 Qxh5 38.Qxe6+ {#d} 1/2-1/2

[Event "Tournament \"]
[Site "Internet"]
[Date "2005.06.25"]
[Round "1"]
[White "Petzold Lutz Lukas (GER)"]
[Black "Panarin Michail (RUS)"]
[Result "0-1"]
[WhiteElo "2261"]
[BlackElo "2486"]

1.e4 c6 2.d4 d5 3.Nc3 dxe4 4.Nxe4 Bf5 5.Ng3 Bg6 6.h4 h6 7.f4 e6 8.Nf3 Nd7 9.h5
Bh7 10.Bd3 Bxd3 11.Qxd3 Ngf6 12.Bd2 Bd6 13.O-O-O O-O 14.Ne5 c5 15.Bc3 Nd5
16.Ne4 cxd4 17.Qxd4 Nxe5 18.fxe5 Be7 19.g4 b5 20.Kb1 Qb6 21.Qxb6 axb6 22.Bd4
b4 23.c4 bxc3 24.Nxc3 Nxc3+ 25.Bxc3 Bc5 26.Rd7 Ra4 27.g5 hxg5 28.a3 Rh4
29.Rxh4 gxh4 30.Be1 h3 31.Rd3 h2 32.Rh3 Rd8 33.Kc2 Rd5 34.Bg3 Bd4 35.Rxh2 Bxe5
36.Bxe5 Rxe5 37.h6 g5 38.Kc3 g4 39.Kd4 Rg5 40.h7+ Kh8 41.Ke3 g3 42.Rg2 Kxh7
43.Kf4 Kg6 44.Rxg3 e5+ 45.Kf3 Rxg3+ 46.Kxg3 Kf5 47.a4 Ke6 48.b4 Kd5 49.Kf3 f5
{#R} 0-1

[Event "It (open)"]
[Site "Gorges (France)"]
[Round "3"]
[White "Sorin Baptiste (FRA)"]
[Black "Grego Pierre (FRA)"]
[Result "1-0"]
[WhiteElo "2120"]
[BlackElo "1961"]

1.e4 c6 2.d4 d5 3.Nc3 dxe4 4.Nxe4 Bf5 5.Ng3 Bg6 6.h4 h6 7.f4 e6 8.Nf3 Nd7 9.h5
Bh7 10.Bd3 Bxd3 11.Qxd3 Qb6 12.f5 Ngf6 13.fxe6 fxe6 14.Qg6+ Kd8 15.Bf4 Nd5
16.Bd2 Qc7 17.O-O-O Ne7 18.Qxe6 Qxg3 19.Ne5 Nxe5 20.dxe5 Nd5 21.c4 Bc5 22.cxd5
Re8 23.Ba5+ {#r} 1-0

[Event "Ch Poland (team) (juniors) (1 liga)"]
[Site "Koszalin (Poland)"]
[Date "2005.07.08"]
[Round "5"]
[White "Krzyzanowski Marcin (POL)"]
[Black "Klim Kamil (POL)"]
[Result "1-0"]
[WhiteElo "2091"]
[BlackElo "1949"]

1.e4 c6 2.d4 d5 3.Nc3 dxe4 4.Nxe4 Bf5 5.Ng3 Bg6 6.h4 h6 7.f4 e6 8.Nf3 Nd7 9.h5
Bh7 10.Bd3 Bxd3 11.Qxd3 Qc7 12.Bd2 O-O-O 13.Qe2 Bd6 14.Ne5 Nb6 15.O-O-O Nf6
16.Kb1 c5 17.dxc5 Bxc5 18.Rhf1 Rhe8 19.Ne4 Nxe4 20.Qxe4 Bd6 21.Nd3 Nd5 22.c4
Nf6 23.Qf3 Nd7 24.c5 Be7 25.c6 Nc5 26.cxb7+ Kb8 27.Nb4 Rd6 28.Bc3 Rxd1+
29.Rxd1 Qxb7 30.Nc6+ Ka8 31.Nxe7 Qxf3 32.gxf3 Rxe7 33.Bxg7 Rd7 34.Kc2 Rxd1
35.Kxd1 Nd7 36.Ke2 Kb7 37.Kf2 Kc8 38.Kg3 Kd8 39.f5 Ke7 40.fxe6 fxe6 41.Bxh6
Kf6 42.Kf4 Nc5 43.Bg5+ Kf7 44.Ke3 e5 45.f4 exf4+ 46.Bxf4 Na4 47.Be5 Nb6 48.Bd4
Nc8 49.Bc5 Ke6 50.Ke4 a6 51.b4 Kf6 52.Kd5 Kg5 53.Kc6 Kxh5 54.Kc7 Kg6 55.Kxc8
{#r} 1-0

[Event "It (open)"]
[Site "Avoine (France)"]
[Date "2005.07.28"]
[Round "6"]
[White "Marchadour Claire (FRA)"]
[Black "Godart Michel (BEL)"]
[Result "1-0"]
[WhiteElo "2065"]
[BlackElo "1878"]

1.e4 c6 2.d4 d5 3.Nc3 dxe4 4.Nxe4 Bf5 5.Ng3 Bg6 6.h4 h6 7.f4 Nf6 8.Nf3 e6
9.Ne5 Bh7 10.c3 Nbd7 11.Nh5 Nxe5 12.fxe5 Nxh5 13.Qxh5 Bg6 14.Qf3 Qd5 15.Qf2 c5
16.Bb5+ Kd8 17.c4 Qxd4 18.Be3 Qe4 19.Rd1+ Kc7 20.Rd7+ Kb6 21.O-O a6 22.Ba4 Rc8
23.b4 Qxc4 24.h5 Bxh5 25.Rb1 {#r} 1-0

[Event "Ch Europe (juniors) (under 16) (g)"]
[Site "Herceg Novi (Montenegro)"]
[Round "5"]
[White "Petrigacova Daniela (SVK)"]
[Black "Gakhokidze Tamar (GEO)"]
[Result "0-1"]
[WhiteElo "1898"]
[BlackElo "2054"]

1.e4 c6 2.d4 d5 3.Nc3 dxe4 4.Nxe4 Bf5 5.Ng3 Bg6 6.h4 h6 7.f4 e6 8.Nf3 Nd7 9.h5
Bh7 10.Bd3 Bxd3 11.Qxd3 Ngf6 12.Ne5 Nxe5 13.fxe5 Nd5 14.Bd2 Qb6 15.O-O-O O-O-O
16.Rhf1 Rd7 17.Qc4 Be7 18.Rf3 Rhd8 19.c3 Bf8 20.Rdf1 Qc7 21.Ne4 Kb8 22.g4 Nb6
23.Qb3 Ka8 24.Be3 Nd5 25.Bg1 c5 26.Kb1 cxd4 27.Bxd4 b6 28.g5 Qb7 29.Nd6 Bxd6
30.exd6 hxg5 31.Bxg7 g4 32.Rg3 Rxd6 33.c4 Nf4 34.Be5 Qe4+ 35.Qc2 {#R} 0-1

[Event "It (open) \"]
[Site "Obrenovac (Yugoslavia)"]
[Round "3"]
[White "Bozovic Vladimir (SRB)"]
[Black "Tomic Miroslav (CRO)"]
[Result "1-0"]
[WhiteElo "2183"]
[BlackElo "2103"]

1.e4 c6 2.d4 d5 3.Nc3 dxe4 4.Nxe4 Bf5 5.Ng3 Bg6 6.h4 h6 7.f4 Nf6 8.Nf3 e6
9.Ne5 Bh7 10.Bd3 Bxd3 11.Qxd3 Nbd7 12.Bd2 Bd6 13.O-O-O Qc7 14.Rhf1 c5 15.Nxd7
Nxd7 16.d5 O-O-O 17.dxe6 fxe6 18.Ne4 Be7 19.Bc3 Nf6 20.Qc4 Qc6 21.Bxf6 gxf6
22.Nc3 Kb8 23.a4 a6 24.Rfe1 Rxd1+ 25.Nxd1 Qxg2 26.Qxe6 Bd8 27.Ne3 Qc6 28.f5
Qxa4 29.Kb1 Re8 30.Qd6+ Ka7 31.Rh1 Rxe3 32.Qxd8 Qe4 33.Rf1 Qxh4 34.Qf8 Re5
35.b3 h5 36.Rd1 Qb4 37.Rd8 Re1+ 38.Kb2 Qa5 39.Ra8+ Kb6 40.Qd8+ Kb5 41.c4+ {#r}
1-0

[Event "Bundesliga 2005/06"]
[Site "Germany"]
[Date "2005.11.13"]
[Round "4"]
[White "Quast Michael (GER)"]
[Black "Saltaev Mihail (UZB)"]
[Result "1/2-1/2"]
[WhiteElo "2281"]
[BlackElo "2498"]

1.e4 c6 2.d4 d5 3.Nc3 dxe4 4.Nxe4 Bf5 5.Ng3 Bg6 6.h4 h6 7.f4 e6 8.h5 Bh7 9.Nf3
Nd7 10.Bd3 Ngf6 11.Bxh7 Nxh7 12.Qd3 Be7 13.Bd2 Qc7 14.Ne5 Rd8 15.Qe2 c5 16.c3
O-O 17.O-O cxd4 18.cxd4 Ndf6 19.Rac1 Qb6 20.Bc3 Nd5 21.Ne4 Nhf6 22.Nd2 Nd7
23.Nb3 Qd6 24.Rf3 Rc8 25.Rcf1 b6 26.Nd2 N7f6 27.Rg3 b5 28.Qxb5 Nxc3 29.bxc3
Rxc3 30.Rd3 Rxd3 31.Qxd3 Rd8 32.Nb3 Nxh5 33.Qf3 Nf6 34.f5 exf5 35.Qxf5 Qd5
36.Rc1 a5 37.Rc7 Kf8 38.Ra7 g6 39.Qh3 h5 40.Rxa5 Qe4 41.Qd3 Qh4 42.Qc4 Nd5
43.Rxd5 Qe1+ 44.Kh2 Qh4+ 45.Kg1 {#d} 1/2-1/2

[Event "Ch World (juniors) (under 20) (g)"]
[Site "Istanbul (Turkey)"]
[Date "2005.11.20"]
[Round "11"]
[White "Szczepkowska Karina (POL)"]
[Black "Umudova Nargiz (AZE)"]
[Result "1-0"]
[WhiteElo "2278"]
[BlackElo "2101"]

1.e4 c6 2.d4 d5 3.Nd2 dxe4 4.Nxe4 Bf5 5.Ng3 Bg6 6.h4 h6 7.f4 e6 8.Nf3 Nd7 9.h5
Bh7 10.Bd3 Bxd3 11.Qxd3 Qc7 12.Ne5 Nb6 13.f5 Bd6 14.fxe6 Bxe5 15.exf7+ Kxf7
16.Qg6+ Kf8 17.dxe5 Qxe5+ 18.Ne4 Nf6 19.O-O Re8 20.Nxf6 Qd4+ 21.Be3 Rxe3
22.Ng4+ Rf3+ 23.Kh1 Rxf1+ 24.Rxf1+ Ke7 25.c3 {#r} 1-0

[Event "It (open)"]
[Site "Litomysl (Czech Republic)"]
[Date "2005.12.26"]
[Round "1"]
[White "Leks Hanna (POL)"]
[Black "Wallnoefer Hannes (AUT)"]
[Result "1/2-1/2"]
[WhiteElo "2209"]
[BlackElo "2041"]

1.e4 c6 2.d4 d5 3.Nc3 dxe4 4.Nxe4 Bf5 5.Ng3 Bg6 6.h4 h6 7.f4 e6 8.Nf3 Nf6 9.h5
Bh7 10.Bd3 Bxd3 11.Qxd3 Nbd7 12.Bd2 Bd6 13.O-O-O Qc7 14.Ne5 c5 15.Rde1 cxd4
16.Nf5 Rg8 17.Nxd4 Bxe5 18.fxe5 Nxe5 19.Qg3 Nfd7 20.Kb1 Qb6 21.Rxe5 Qxd4
22.Bc3 Qb6 23.Re4 g5 24.Rf1 Nc5 25.Qf2 f5 26.Re5 Ne4 27.Qxb6 Nxc3+ 28.bxc3
axb6 29.Rxe6+ Kd7 30.Rxb6 Kc7 31.Rxh6 f4 32.Rf6 Rae8 33.Rf2 Re1+ 34.Kb2 Rh1
35.h6 Rh8 36.Rg6 Rh5 37.Re2 R8xh6 38.Re7+ Kd8 39.Rxh6 Rxh6 40.Rxb7 Rh2 41.a4
Kc8 42.Rb5 Rxg2 43.a5 Re2 44.Rxg5 f3 45.Rf5 f2 46.Kb3 Re5 47.Rf8+ Kb7 48.Kb4
Re2 49.Rf7+ Ka6 50.Rf6+ Ka7 51.c4 Rxc2 52.Kc5 Ra2 53.Kb5 Rb2+ 54.Kc6 Ka6
55.Rf5 Rc2 56.c5 Kxa5 57.Kb7 f1=Q 58.Rxf1 Rxc5 {#d} 1/2-1/2

[Event "Ch France (team) (nat.2) 2005/06"]
[Site "France"]
[Date "2006.01.15"]
[Round "6"]
[White "Marchadour Claire (FRA)"]
[Black "Marchais Aurelie (FRA)"]
[Result "1-0"]
[WhiteElo "2074"]
[BlackElo "1778"]

1.e4 c6 2.d4 d5 3.Nc3 dxe4 4.Nxe4 Bf5 5.Ng3 Bg6 6.h4 h6 7.f4 e6 8.Nf3 Nd7 9.h5
Bh7 10.Bd3 Bxd3 11.Qxd3 Ngf6 12.Bd2 Qc7 13.O-O-O Bd6 14.Ne5 Rf8 15.Ne4 Nxe4
16.Qxe4 Nf6 17.Qf3 O-O-O 18.g4 Nh7 19.Bc3 Nf6 20.g5 Nd5 21.gxh6 gxh6 22.Bd2
Rg8 23.c4 Nf6 24.Be3 Rg7 25.Rdg1 Rdg8 26.Rxg7 Rxg7 27.c5 Bxe5 28.fxe5 Ng8
29.Bf4 Qe7 30.Qe3 f5 31.Bxh6 Rh7 32.Bf4 Qf7 33.Qg3 Ne7 34.Bg5 Nd5 35.Qf3 Kd7
36.h6 Qg6 37.Qg3 Ne7 38.Rg1 Ng8 39.Be3 Qxg3 40.Rxg3 Ne7 41.Rg7 Rxg7 42.hxg7
Ng8 43.Bg5 Ke8 44.Kd2 Kf7 45.Bf6 Kg6 46.a4 a5 47.Ke3 Nh6 48.Kf3 Ng8 49.Kf4 Nh6
50.Bd8 Kxg7 51.Bxa5 Kf7 52.b4 Ke7 53.b5 Kd7 54.Kg5 Ng4 55.Bd2 Nf2 56.Kg6 Ne4
57.Be3 cxb5 58.axb5 Nc3 59.b6 Nd5 60.Bf2 Nb4 61.Kf7 f4 62.Kf6 f3 63.Bg1 Nc6
64.Kf7 Nb4 65.Kf6 Nc6 66.Kg5 Nb4 67.Kf4 Kc6 68.Kxf3 Kd5 69.Kg4 Nc6 70.Kg5 Nxd4
71.Bxd4 Kxd4 72.c6 {#r} 1-0

[Event "It (open)"]
[Site "Kiel (Germany)"]
[Date "2006.07.22"]
[Round "2"]
[White "Homuth Manfred (GER)"]
[Black "Lippmann Kai (GER)"]
[Result "1/2-1/2"]
[WhiteElo "2213"]
[BlackElo "2036"]

1.e4 c6 2.d4 d5 3.Nc3 dxe4 4.Nxe4 Bf5 5.Ng3 Bg6 6.h4 h6 7.f4 e6 8.Nf3 Nd7 9.h5
Bh7 10.Bd3 Bxd3 11.Qxd3 Qc7 12.Bd2 O-O-O 13.Qe2 Bd6 14.Ne5 Nf8 15.Ne4 Nf6
16.O-O-O Nxe4 17.Qxe4 Bxe5 18.dxe5 Nd7 19.Be3 Qa5 20.Kb1 Nb6 21.g3 Rd5 {#d}
1/2-1/2

[Event "It (open)"]
[Site "Pardubice (Czech Republic)"]
[Date "2006.07.27"]
[Round "7"]
[White "Kadziolka Beata (POL)"]
[Black "Kasparova Tatiana (BLR)"]
[Result "1/2-1/2"]
[WhiteElo "2346"]
[BlackElo "2224"]

1.e4 c6 2.d4 d5 3.Nd2 dxe4 4.Nxe4 Bf5 5.Ng3 Bg6 6.h4 h6 7.f4 e6 8.Nf3 Nd7 9.h5
Bh7 10.Bd3 Bxd3 11.Qxd3 Ngf6 12.Bd2 c5 13.O-O-O Qc7 14.dxc5 Bxc5 15.Kb1 O-O
16.Ne4 Nxe4 17.Qxe4 Nf6 18.Qe2 Rac8 19.Ne5 Be7 20.Rc1 Qb6 21.Rh3 Rfd8 22.g4
Qd4 23.Rd3 Qe4 24.Qxe4 Nxe4 25.Be3 Rxd3 26.Nxd3 a6 27.c4 f5 28.gxf5 exf5 29.c5
Bf6 30.Rc2 {#d} 1/2-1/2

[Event "It (open)"]
[Site "Latschach (Austria)"]
[Date "2006.08.14"]
[Round "4"]
[White "Mencinger Vojko (SLO)"]
[Black "Mandekic Ivan (CRO)"]
[Result "1/2-1/2"]
[WhiteElo "2377"]
[BlackElo "2254"]

1.e4 c6 2.d4 d5 3.Nd2 dxe4 4.Nxe4 Bf5 5.Ng3 Bg6 6.h4 h6 7.f4 e6 8.Nf3 Bd6
9.Bd3 Bxd3 10.Qxd3 Ne7 11.Ne5 Nd7 12.Ne4 Nf6 13.Nxd6+ Qxd6 14.h5 Rf8 15.Be3
Qd5 16.Kf1 Nf5 17.Bf2 O-O-O 18.c3 {#d} 1/2-1/2

[Event "It (open)"]
[Site "Stare Mesto (Czech Republic)"]
[Date "2006.08.19"]
[Round "10"]
[White "Jurcik Martin (SVK)"]
[Black "Brokken Dennis (NED)"]
[Result "1-0"]
[WhiteElo "2285"]
[BlackElo "2248"]

1.e4 c6 2.d4 d5 3.Nd2 dxe4 4.Nxe4 Bf5 5.Ng3 Bg6 6.h4 h6 7.f4 e6 8.Nf3 Nd7 9.h5
Bh7 10.Bd3 Bxd3 11.Qxd3 Ngf6 12.Bd2 Bd6 13.O-O-O Qc7 14.Ne5 c5 15.Nxd7 Nxd7
16.d5 O-O-O 17.dxe6 fxe6 18.Rhf1 Rhf8 19.Ne4 Nf6 20.Qe2 Kb8 21.g3 Qf7 22.Ba5
Bc7 23.Bxc7+ Qxc7 24.Rxd8+ Qxd8 25.Nxc5 Qd5 26.Qe5+ Ka8 27.Nxe6 {#r} 1-0

[Event "It (cat.8)"]
[Site "Budapest (Hungary)"]
[Date "2006.09.10"]
[Round "9"]
[White "Wittmann Walter (AUT)"]
[Black "Meszaros Tamas (HUN)"]
[Result "1/2-1/2"]
[WhiteElo "2333"]
[BlackElo "2352"]

1.e4 c6 2.d4 d5 3.Nd2 dxe4 4.Nxe4 Bf5 5.Ng3 Bg6 6.h4 h6 7.f4 e6 8.h5 Bh7 9.Nf3
Nd7 10.Bd3 Bxd3 11.Qxd3 Qc7 12.Ne5 Nxe5 13.dxe5 Ne7 14.Bd2 c5 15.Ne4 Nd5
16.Qb5+ Qd7 17.Qxd7+ Kxd7 18.c4 Nb6 19.b3 Be7 20.Bc3 Kc6 21.Ke2 Rhd8 22.Rhd1
Rxd1 23.Rxd1 Nd7 24.g4 b6 25.Kf3 a6 26.a4 Rb8 27.f5 b5 28.axb5+ axb5 29.f6
gxf6 30.exf6 Bf8 31.Kf4 bxc4 32.bxc4 Ra8 33.Ra1 Rxa1 34.Bxa1 Nb6 35.g5 hxg5+
36.Nxg5 Nxc4 37.Nxf7 Kd5 38.h6 Bxh6+ 39.Nxh6 e5+ 40.Kg5 Nd6 41.Kg6 Ke6 42.Ng4
e4 43.Ne3 Nf7 44.Nc4 Nd8 45.Bc3 Nc6 46.Na5 Ne7+ 47.Kg7 Nf5+ 48.Kg8 Nh6+ 49.Kh7
Ng4 50.Kg6 Nxf6 51.Bxf6 e3 52.Bc3 e2 53.Kg5 c4 54.Kf4 e1=B 55.Bxe1 c3 56.Nb3
c2 57.Ke4 c1=Q 58.Nxc1 Kd6 59.Nd3 Kc6 60.Bg3 Kb5 61.Kd5 Kb6 62.Bd6 Kb7 63.Kc5
Kc8 64.Kc6 Kd8 65.Kd5 Kd7 66.Nc5+ Kc8 67.Ke6 Kd8 68.Bf4 Kc8 69.Kd6 Kd8 70.Nb3
Kc8 71.Na5 Kd8 72.Bg5+ Kc8 73.Kc6 Kb8 74.Be3 Kc8 75.Bb6 Kb8 76.Nc4 Kc8 77.Ne3
Kb8 78.Nd5 Ka8 79.Bc7 Ka7 80.Nc3 Ka8 81.Nd5 Ka7 82.Be5 Ka8 83.Nc7+ Ka7 84.Ne6
Ka8 85.Kc7 Ka7 86.Nc5 Ka8 87.Nd7 Ka7 88.Nb6 Ka6 89.Kc6 Ka7 90.Bd6 Ka6 91.Bb8
Ka5 92.Nd5 Ka4 93.Kc5 Kb3 94.Kd4 Kc2 95.Nc3 Kb3 96.Nd5 Ka4 97.Nc7 Kb4 98.Ba7
Ka5 99.Kc4 Ka4 100.Bb6 Ka3 101.Bd4 Ka4 102.Bc3 Ka3 103.Nb5+ Ka4 104.Nd4 Ka3
105.Nb5+ Ka2 106.Kb4 Kb1 107.Bd2 Kb2 108.Be3 {#d} 1/2-1/2

[Event "Ch World (juniors) (under 18) (g)"]
[Site "Batumi (Georgia)"]
[Date "2006.10.25"]
[Round "7"]
[White "Przezdziecka Marta (POL)"]
[Black "Franciskovic Borka (CRO)"]
[Result "1-0"]
[WhiteElo "2299"]
[BlackElo "2185"]

1.e4 c6 2.d4 d5 3.Nd2 dxe4 4.Nxe4 Bf5 5.Ng3 Bg6 6.h4 h6 7.f4 e6 8.Nf3 Nd7 9.h5
Bh7 10.Bd3 Bxd3 11.Qxd3 Qc7 12.Bd2 Ngf6 13.Ne5 c5 14.O-O-O cxd4 15.Qxd4 Bc5
16.Qa4 O-O 17.Nxd7 Nxd7 18.Ne4 Rac8 19.g4 b5 20.Qb3 Qc6 21.Rhe1 a5 22.Bxa5 b4
23.Rxd7 Qxd7 24.Nxc5 Rxc5 25.Bxb4 Rb5 26.c3 Qc7 27.Re4 Rd8 28.a3 Qc6 29.Qc4
Qb6 30.Kb1 Rd1+ 31.Ka2 Rbd5 32.Re5 Qg1 33.Rxd5 exd5 34.Qc8+ Kh7 35.Kb3 d4
36.Bc5 Qg3 37.Qd7 d3 38.Qxf7 Qxg4 39.f5 Re1 40.Qd7 Re5 41.Bf8 Rb5+ 42.Ka2 Rxf5
43.Qxd3 Qxh5 44.Bb4 Qf3 45.Qxf3 Rxf3 46.a4 g5 47.a5 h5 48.Be7 Kg6 49.a6 Rf5
50.b4 Rf2+ 51.Kb3 Rf1 52.b5 h4 53.a7 Ra1 54.Ba3 {#r} 1-0

[Event "Ch Netherlands (1/2 final) (KO system)"]
[Site "Hilversum (Netherlands)"]
[Date "2006.11.05"]
[Round "1"]
[White "De Vreugt Dennis (NED)"]
[Black "Grooten Herman (NED)"]
[Result "1/2-1/2"]
[WhiteElo "2413"]
[BlackElo "2387"]

1.e4 c6 2.d4 d5 3.Nc3 dxe4 4.Nxe4 Bf5 5.Ng3 Bg6 6.h4 h6 7.f4 e6 8.Nf3 Nd7 9.h5
Bh7 10.Bd3 Bxd3 11.Qxd3 Ngf6 12.Bd2 Qc7 13.Ne5 c5 14.O-O-O cxd4 15.Rhe1 Bc5
16.Nf5 O-O-O 17.Nxf7 exf5 18.Qxf5 Kb8 19.g4 Nb6 20.Nxh8 Rxh8 21.g5 hxg5
22.fxg5 Nxh5 23.g6 Ng3 24.Qf7 Bd6 25.Bg5 Rh2 26.Rd2 Rxd2 27.Bxd2 a6 28.Re8+
Nc8 29.Qe6 Nh5 30.Rxc8+ Qxc8 31.Qxd6+ Qc7 32.Qxd4 b6 33.b3 Ka7 34.a4 Nf6
35.Bf4 Qd7 36.Be5 Qxd4 37.Bxd4 Nd5 38.a5 Kb7 39.Bxb6 Nf4 40.Kb2 Kc6 41.c4 Nxg6
42.Bd4 Nf4 43.Bxg7 Kc5 44.Kc3 Ne2+ 45.Kd2 Ng3 46.Be5 Ne4+ 47.Ke3 Ng5 48.Bf6
Nf7 49.Be7+ Kc6 50.Ke4 Kd7 51.Bf8 Ke6 52.Kd4 Ne5 53.Bb4 Nc6+ 54.Kc5 Kd7 55.Bd2
Kc7 56.Bc3 Na7 57.Be5+ Kb7 58.Kd6 Nc8+ 59.Kd7 Na7 60.Bd4 Nc6 61.Bc3 Nb8+
62.Kd6 Nc6 63.b4 Na7 64.Kd5 Nc6 65.Kc5 Na7 66.Be5 Nc6 67.Bf6 Nb8 68.Bd8 Nc6
69.Bb6 Nb8 70.Kd6 Nc6 71.b5 Nb4 72.Kc5 Nc2 73.Bd8 Ne1 74.Kd6 Nd3 75.Bf6 Nb4
76.Bc3 axb5 77.cxb5 Na6 78.b6 Nb8 79.Bd4 Na6 80.Be3 Nb8 81.Kc5 Na6+ 82.Kb5
Nc7+ 83.Kc4 Kc6 84.Bf4 Nd5 85.b7 Kxb7 86.Kxd5 Ka8 {#d} 1/2-1/2

[Event "Ch Netherlands (1/2 final) (KO system)"]
[Site "Hilversum (Netherlands)"]
[Date "2006.11.05"]
[Round "1"]
[White "De Vreugt Dennis (NED)"]
[Black "Grooten Herman (NED)"]
[Result "0-1"]
[WhiteElo "2413"]
[BlackElo "2387"]

1.e4 c6 2.d4 d5 3.Nc3 dxe4 4.Nxe4 Bf5 5.Ng3 Bg6 6.h4 h6 7.f4 e6 8.Nf3 Nd7 9.h5
Bh7 10.Bd3 Bxd3 11.Qxd3 Ngf6 12.Bd2 Qc7 13.Ne5 c5 14.O-O-O cxd4 15.Qxd4 Bc5
16.Qc4 O-O 17.Ne4 b5 18.Qxb5 Rab8 19.Qc6 Bd4 20.Bb4 Bxe5 21.Qxc7 Bxc7 22.Bxf8
Bxf4+ 23.Kb1 Kxf8 24.Nxf6 Nxf6 25.c4 Ke7 26.Kc2 Rc8 27.b3 Rc5 28.Rd4 e5 29.Re1
Bg3 30.Re2 Nxh5 31.b4 Rc7 32.Kb3 f5 33.c5 e4 34.Kc4 Nf4 35.Rc2 Nd3 36.a4 a5
37.Rd5 Nxb4 {#R} 0-1

[Event "Ch Russia (w) (superfinal)"]
[Site "Gorodets (Russia)"]
[Date "2006.12.11"]
[Round "10"]
[White "Korbut Ekaterina (RUS)"]
[Black "Gunina Valentina (RUS)"]
[Result "1-0"]
[WhiteElo "2435"]
[BlackElo "2392"]

1.e4 c6 2.d4 d5 3.Nc3 dxe4 4.Nxe4 Bf5 5.Ng3 Bg6 6.h4 h6 7.f4 Nf6 8.h5 Bh7
9.Nf3 e6 10.Bd3 Bxd3 11.Qxd3 Bd6 12.Bd2 Na6 13.O-O-O Nb4 14.Bxb4 Bxb4 15.f5
Bd6 16.Ne4 exf5 17.Nxd6+ Qxd6 18.Qxf5 O-O 19.Ne5 Qd5 20.Kb1 Rad8 21.g4 Qe4
22.Qxe4 Nxe4 23.Rhe1 Ng5 24.c3 Rfe8 25.b4 Re6 26.Kc2 Rde8 27.a4 Nh3 28.Rf1 f6
29.Nc4 Ng5 30.b5 Re2+ 31.Rd2 Re1 32.Rxe1 Rxe1 33.Nd6 cxb5 34.axb5 b6 35.Kd3
Ne6 36.Ra2 Nf4+ 37.Kc4 Re7 38.Kb3 Nd5 39.Nf5 Rd7 40.c4 Nf4 41.c5 bxc5 42.dxc5
Kf7 43.c6 Rc7 44.Nd6+ Ke6 45.Nb7 Kd5 46.Rxa7 Ne6 47.Kb4 Nd4 48.Ra5 Nxc6+
49.bxc6+ Kxc6 50.Nc5 Kd6 51.Kc4 Ke7 52.Kd4 Kf7 53.Ne4 Rd7+ 54.Ke3 Re7 55.Kf4
Rd7 56.Kf5 Rd4 57.Rb5 Kf8 58.Nc3 Ke7 59.Nd5+ Kd6 60.Nf4 Ra4 61.Ne6 Ra7 62.Rb6+
Ke7 63.Nxg7 Kf7 64.Ne6 Ra5+ 65.Kf4 Ra4+ 66.Kf3 Ra1 67.Nf4 Ra3+ 68.Ke4 Ra4+
69.Ke3 Ra3+ 70.Nd3 Ra7 71.Nc5 Ra1 72.Rb7+ Kg8 73.Ne4 Kh8 74.Nd6 Rg1 75.Kf3
Rf1+ 76.Kg2 Ra1 77.Nf5 Ra2+ 78.Kg3 Ra3+ 79.Kh4 {#r} 1-0

[Event "It (open)"]
[Site "Prague (Czech Republic)"]
[Date "2007.01.13"]
[Round "3"]
[White "Ninov Nikolai (BUL)"]
[Black "Bergsson Snorri (ISL)"]
[Result "1-0"]
[WhiteElo "2518"]
[BlackElo "2298"]

1.e4 c6 2.d4 d5 3.Nc3 dxe4 4.Nxe4 Bf5 5.Ng3 Bg6 6.h4 h6 7.f4 e6 8.Nf3 Nd7 9.h5
Bh7 10.Bd3 Bxd3 11.Qxd3 Qc7 12.Bd2 Ngf6 13.O-O-O O-O-O 14.Qe2 c5 15.Ne5 Nb6
16.dxc5 Bxc5 17.Kb1 Rd5 18.c4 Rd4 19.Be3 Rxd1+ 20.Rxd1 Bxe3 21.Qxe3 Rd8
22.Rxd8+ Kxd8 23.b3 Ke8 24.f5 Qd6 25.Kc2 Qa3 26.Nd3 Qxa2+ 27.Nb2 Qa5 28.fxe6
Nc8 29.Nd3 Qa2+ 30.Kc3 Qa5+ 31.Kb2 Ne7 32.b4 Qa4 33.Qf4 Kf8 34.Ne4 Qd1 35.Nxf6
Qe2+ 36.Kc3 gxf6 37.Qxh6+ Kg8 38.Qxf6 {#r} 1-0

[Event "Ch France (team) 2007"]
[Site "France"]
[Date "2007.05.01"]
[Round "7"]
[White "Mamedyarov Shakhriyar (AZE)"]
[Black "Doettling Fabian (GER)"]
[Result "1-0"]
[WhiteElo "2752"]
[BlackElo "2541"]

1.e4 c6 2.d4 d5 3.Nd2 dxe4 4.Nxe4 Bf5 5.Ng3 Bg6 6.h4 h6 7.f4 e6 8.Nf3 Bd6 9.h5
Bh7 10.Bd3 Bxd3 11.Qxd3 Nf6 12.Bd2 Qc7 13.Ne5 c5 14.O-O-O cxd4 15.Qxd4 Nc6
16.Nxc6 Qxc6 17.Rhe1 Bc5 18.Qd3 Rd8 19.Qe2 O-O 20.Kb1 Qb6 21.Ne4 Nxe4 22.Qxe4
Rxd2 23.Rxd2 Bb4 24.Rd3 Bxe1 25.Qxe1 Rd8 {#r} 1-0

[Event "Memorial Izmailov (open)"]
[Site "Tomsk (Russia)"]
[Round "0"]
[White "Loskutov Oleg (RUS)"]
[Black "Kolesnikov Evgeny (RUS)"]
[Result "1-0"]
[WhiteElo "2431"]
[BlackElo "2386"]

1.e4 c6 2.d4 d5 3.Nc3 dxe4 4.Nxe4 Bf5 5.Ng3 Bg6 6.h4 h6 7.f4 e6 8.Nf3 Nd7 9.h5
Bh7 10.Bd3 Bxd3 11.Qxd3 Ngf6 12.Bd2 Qc7 13.O-O-O Bd6 14.Ne5 Nb6 15.Rhe1 O-O-O
16.Ne4 Nxe4 17.Qxe4 c5 18.dxc5 Bxc5 19.f5 Rd4 20.Qf3 Rhd8 21.fxe6 fxe6 22.Qh3
Kb8 23.Qxe6 Na4 24.Nf3 R4d6 25.Qe5 Ka8 26.Re4 Qc6 27.Rxa4 Qxa4 28.Qxc5 Rc6
29.Qf5 Qxa2 30.Qa5 Qg8 31.Be3 b6 32.Rxd8+ Qxd8 33.Qe5 Qf6 34.Qe4 Kb8 35.Bd4
{#r} 1-0

[Event "It (open)"]
[Site "Proville (France)"]
[Date "2007.07.01"]
[Round "7"]
[White "Van Asseldonk Paul (NED)"]
[Black "Chion Alexandre (FRA)"]
[Result "0-1"]
[WhiteElo "2099"]
[BlackElo "1923"]

1.e4 c6 2.d4 d5 3.Nd2 dxe4 4.Nxe4 Bf5 5.Ng3 Bg6 6.h4 h6 7.f4 e6 8.Nf3 Nf6 9.h5
Bh7 10.Bd3 Bxd3 11.Qxd3 Be7 12.Bd2 c5 13.O-O-O Qc7 14.Ne5 Nc6 15.Nxc6 Qxc6
16.f5 O-O-O 17.Qa3 Rxd4 18.Qxa7 Ra4 19.Ba5 Qa6 20.Qxa6 bxa6 21.Bc3 Nd5 22.Ne2
Rg4 23.fxe6 fxe6 24.Be5 Re4 25.Bxg7 Rg8 26.Nc3 Nxc3 27.Bxc3 Rxg2 28.Rde1 Bg5+
29.Kd1 Rxe1+ 30.Bxe1 Kd7 31.Rh3 Kc6 32.Ra3 Kb6 33.Rb3+ Kc6 34.Ba5 e5 35.Rb6+
Kd5 36.Rxa6 e4 37.Ra8 e3 38.Re8 Rh2 39.Re5+ Kxe5 40.Bc7+ Ke4 41.Bxh2 Kf3
42.Bg3 Kxg3 43.Ke2 Kg4 44.c4 Kxh5 45.a4 Bd8 46.Kxe3 Kg4 {#R} 0-1

[Event "It (open)"]
[Site "St. Lo (France)"]
[Date "2007.07.14"]
[Round "8"]
[White "Guedon Stephane (FRA)"]
[Black "Lejeune Gael (FRA)"]
[Result "1/2-1/2"]
[WhiteElo "2209"]
[BlackElo "2092"]

1.e4 c6 2.d4 d5 3.Nc3 dxe4 4.Nxe4 Bf5 5.Ng3 Bg6 6.h4 h6 7.f4 e6 8.Nf3 Bd6 9.h5
Bh7 10.Bd3 Bxd3 11.Qxd3 Nf6 12.Bd2 Qc7 13.Ne5 c5 14.O-O-O {#d} 1/2-1/2

[Event "It (open)"]
[Site "Montreal (Canada)"]
[Date "2007.07.28"]
[Round "9"]
[White "De La Paz Frank (CUB)"]
[Black "Grant Jonathan (SCO)"]
[Result "1-0"]
[WhiteElo "2441"]
[BlackElo "2261"]

1.e4 c6 2.d4 d5 3.Nc3 dxe4 4.Nxe4 Bf5 5.Ng3 Bg6 6.h4 h6 7.f4 e6 8.Nf3 Nd7 9.h5
Bh7 10.Bd3 Bxd3 11.Qxd3 Qc7 12.Bd2 O-O-O 13.Qe2 c5 14.Ne5 Nb6 15.dxc5 Bxc5
16.O-O-O Nf6 17.Kb1 Rhe8 18.c4 Qe7 19.Ba5 Rxd1+ 20.Rxd1 Rd8 21.Rxd8+ Kxd8
22.Ne4 Nxe4 23.Qxe4 Kc8 24.Nd3 Nd7 25.Bc3 f6 26.g4 Bd6 27.b4 Bc7 28.c5 Nb8
29.b5 Qd7 30.a4 a6 31.c6 bxc6 32.Nc5 Qd1+ 33.Kb2 Qxg4 34.bxa6 Bb6 35.Nxe6 Qxh5
36.Nxg7 Qf7 37.Nf5 Bc5 38.Nxh6 Qd7 39.Qc4 Bd6 40.Qg8+ Kc7 41.Ba5# 1-0

[Event "Ch Bulgaria (open) (w)"]
[Site "Vratsa (Bulgaria)"]
[Date "2007.07.29"]
[Round "6"]
[White "Danova Tanja (BUL)"]
[Black "Trifonova Sandra (BUL)"]
[Result "1/2-1/2"]
[WhiteElo "2119"]
[BlackElo "1924"]

1.e4 c6 2.d4 d5 3.Nd2 dxe4 4.Nxe4 Bf5 5.Ng3 Bg6 6.h4 h6 7.f4 e6 8.Nf3 Nd7 9.h5
Bh7 10.Bd3 Bxd3 11.Qxd3 Ngf6 12.Bd2 Qc7 13.O-O-O c5 14.Ne5 cxd4 15.Qxd4 Nxe5
16.fxe5 Nd5 17.Qa4+ Qd7 18.Qxd7+ Kxd7 19.Rhf1 Ke8 20.Kb1 Rc8 21.Ne4 Rc4
22.Rfe1 b5 23.b3 Rc6 24.Kb2 Be7 25.Nc3 Nxc3 26.Bxc3 Rg8 27.Re4 g6 28.Rg4 Bg5
29.hxg6 Rxg6 30.Rb4 a6 31.a4 Rc5 32.axb5 axb5 33.g4 Be7 34.Re4 Rc7 35.Bb4 Bxb4
36.Rxb4 Rc5 37.Re4 Rg5 38.Rh1 Rgxe5 39.Rxe5 Rxe5 40.Rxh6 Ke7 41.Rh5 Re4
42.Rxb5 Rxg4 43.Rb7+ Ke8 44.c4 f5 45.Kc3 e5 46.c5 Rg6 47.b4 f4 48.Kd3 f3
49.Ke3 Rf6 50.Rb6 Rf5 51.Kf2 Kd7 52.Rd6+ Kc7 53.Re6 {#d} 1/2-1/2